000 00768cab a2200241 4500
001 WB2745-02
008 090401t1991 xxu||||| |||| 00| 0 eng d
035 _a(Sirsi) u44647
041 _aeng
245 _aCall for group training
260 _c1991
350 _a0
490 _aContract Journal
_v361 (5848) 21 November 1991 (4)
520 _aThe Federation of Master Builders is calling for a revival in group training schemes to counteract an expected shortfall of over 50,000 craftsmen in the next two years.
650 _aBATJIC
650 _aBUILDING EMPLOYERS CONFEDERATION
650 _aCONSTRUCTION INDUSTRY
650 _aFMB
650 _aCAREERS, EDUCATION AND TRAINING
690 _aBUILT ENVIRONMENT
942 _n0
948 _c04/03/1997
999 _c28369
_d28369